000 00280nam a2200109Ia 4500
001 587468
005 20250717113817.0
008 250717s9999 xx 000 0 und d
245 0 _aX-7 UZAYI KEŞFEDİYORUM AY
_cŞEBNEM ÖZDEMİRCİ
260 _bBETA YAYINLARI
_c2020
300 _b20
999 _c587468
_d587468